Basic mathematics for electronics / (Record no. 12840)

000 -LEADER
fixed length control field 00619pam a2200205 i 4500
020 ## - INTERNATIONAL STANDARD BOOK NUMBER
ISBN 0070125120
040 ## - CATALOGING SOURCE
Transcribing agency DLC
082 00 - DEWEY DECIMAL CLASSIFICATION NUMBER
Classification number 510 GRE 1976 A028 Or.
100 1# - MAIN ENTRY--AUTHOR NAME
Personal name Cooke, Nelson Magor.
245 10 - TITLE STATEMENT
Title Basic mathematics for electronics /
250 ## - EDITION STATEMENT
Edition statement 4th ed.
260 ## - PUBLICATION, DISTRIBUTION, ETC. (IMPRINT)
Place of publication New York :
Name of publisher Gregg Division, McGraw-Hill,
Year of publication c1976.
300 ## - PHYSICAL DESCRIPTION
Number of Pages iv, 617 p. :
Other physical details ill. ;
Dimensions 25 cm.
500 ## - GENERAL NOTE
General note First ed. published in 1942 under title: Mathematics for electricians and radiomen.
500 ## - GENERAL NOTE
General note Includes index.
650 #0 - SUBJECT ADDED ENTRY--TOPICAL TERM
Topical Term Electrical engineering
650 #0 - SUBJECT ADDED ENTRY--TOPICAL TERM
Topical Term Electronics
700 1# - ADDED ENTRY--PERSONAL NAME
Personal name Adams, Herbert F. R.,
942 ## - ADDED ENTRY ELEMENTS (KOHA)
Koha item type សៀវភៅភាសាអង់គ្លេស
952 ## - LOCATION AND ITEM INFORMATION (KOHA)
Withdrawn status [LOCAL, KOHA] 0
Holdings
Permanent Location Date acquired Koha item type Lost status Shelving location Barcode Current Location Full call number
Library Block A2017-08-17សៀវភៅភាសាអង់គ្លេស A028A16130Library Block A510 GRE 1976 A028 Or.
មជ្ឈមណ្ឌលឯការនៃសាកលវិទ្យាល័យភូមិន្ទកសិកម្មចំការដូង

Powered by Koha